000 00597nam a2200193Ia 4500
003 OSt
005 20200909122918.0
008 190216s9999||||xx |||||||||||||| ||und||
020 _a0074622318
040 _coclc
082 _a621.38153
_bLEA/D
100 _aLeach, Donald P
_94523
245 0 _aDigital Principles And Applications /
_cDonald P Leach ; Albert Paul Malvino
250 _a4th Ed.
260 _bTata Mcgraw Hill Publishing Company Ltd,
_c1999.
_aNew Delhi:
300 _a540p
650 _aPhysics
942 _cBK
_2ddc
_h621.38153
_iLEA/D
_k621.38153
_mLEA/D
999 _c33471
_d33471